000
00330nam a22001577a 4500
003
SGT
020
_a
978-93-325-3790-3
082
_a
152, S15B
100
_a
BARON, ROBERT
245
_a
SOCIAL PSYCHOLOGY
250
_a
13TH
260
_a
DELHI
_b
PEARSON
_c
2015
300
_a
481
650
_a
PSYCHOLOGY
942
_2
ddc
_c
BK
_0
6
999
_c
9197
_d
9197